| 000 | 00507nam a2200157 4500 | ||
|---|---|---|---|
| 001 | 114123 | ||
| 003 | ES-MaACL | ||
| 005 | 20230906190100.0 | ||
| 007 | t| | ||
| 008 | 061121s1972 sp r ||||1| spa d | ||
| 245 | 0 | 0 |
_aPalacio Provincial / _cExcma. Diputación de Guipúzcoa. |
| 260 |
_aSan Sebastián : _bCaja de Ahorros Provincial de Guipúzcoa, _c1972. |
||
| 300 |
_a4 h. 23 láms. col. ; _c21 cm. |
||
| 710 | 2 |
_aCaja de Ahorros Provincial de Guipúzcoa. _92306 |
|
| 852 |
_aES-MaACL _jC-48299 _bR.83645 |
||
| 999 |
_c114123 _d114123 |
||